000
00258nam a22001217a 4500
040
_c
HS
082
_a
636
100
_a
CLARENCE M.FRASER
245
_a
The merck veterinary manual
260
_a
USA
_b
CLARENCE M. FRASER
_c
1991
300
_a
1734p.
942
_c
EK
999
_c
8750
_d
8750